000 00574nam a2200241 a 4500
001 nice12345678
003 IN_TiNIC
005 20260116011415.0
008 050524s1932 teha grp 000 0 per
020 _a
_c100
082 0 0 _a891.51
_bATT1
100 _aAttar, Sk Fariduddin
245 _aIlahi Namah
260 _aTehran
_bNo Publisher
_c1932
300 _a418p
500 _aincludes index and biblioraphy
505 2 _aIndex, 145p
650 _aPersian Poetry-Attar
700 1 _aAttar, Sk Fariduddin
902 _bRBA
942 _cBK
999 _c1265
_d1265